<?xml version="1.0" encoding="UTF-8"?>
<record
    xmlns:xsi="http://www.w3.org/2001/XMLSchema-instance"
    xsi:schemaLocation="http://www.loc.gov/MARC21/slim http://www.loc.gov/standards/marcxml/schema/MARC21slim.xsd"
    xmlns="http://www.loc.gov/MARC21/slim">

  <leader>01702nam2a2200253   4500</leader>
  <controlfield tag="001">RU\NLR\BIBL_A\022030661</controlfield>
  <controlfield tag="005">20260405221654.0</controlfield>
  <datafield tag="035" ind1=" " ind2=" ">
    <subfield code="a">(NLR Aleph) 022030661</subfield>
  </datafield>
  <datafield tag="090" ind1=" " ind2=" ">
    <subfield code="a">12539101</subfield>
    <subfield code="c">12539101</subfield>
  </datafield>
  <datafield tag="100" ind1=" " ind2=" ">
    <subfield code="a">20230919d2005    |||y0rusy50      ca</subfield>
  </datafield>
  <datafield tag="101" ind1="0" ind2=" ">
    <subfield code="a">rus</subfield>
  </datafield>
  <datafield tag="102" ind1=" " ind2=" ">
    <subfield code="a">RU</subfield>
  </datafield>
  <datafield tag="200" ind1="1" ind2=" ">
    <subfield code="a">&#x41F;&#x440;&#x43E;&#x442;&#x438;&#x432;&#x43E;&#x44D;&#x43F;&#x438;&#x434;&#x435;&#x43C;&#x438;&#x447;&#x435;&#x441;&#x43A;&#x438;&#x435; &#x43C;&#x435;&#x440;&#x43E;&#x43F;&#x440;&#x438;&#x44F;&#x442;&#x438;&#x44F; &#x432; &#x41F;&#x410;&#x41E;. &#x422;&#x430;&#x43A;&#x442;&#x438;&#x43A;&#x430; &#x430;&#x443;&#x442;&#x43E;&#x43F;&#x441;&#x438;&#x439;. &#x41E;&#x441;&#x43E;&#x431;&#x43E; &#x43E;&#x43F;&#x430;&#x441;&#x43D;&#x44B;&#x435; &#x438;&#x43D;&#x444;&#x435;&#x43A;&#x446;&#x438;&#x438;. &#x421;&#x41F;&#x418;&#x414;. &#x422;&#x443;&#x431;&#x435;&#x440;&#x43A;&#x443;&#x43B;&#x435;&#x437;. &#x41F;&#x440;&#x438;&#x43E;&#x43D;&#x43E;&#x432;&#x44B;&#x435; &#x431;&#x43E;&#x43B;&#x435;&#x437;&#x43D;&#x438;. &#x410;&#x442;&#x438;&#x43F;&#x438;&#x447;&#x43D;&#x430;&#x44F; &#x43F;&#x43D;&#x435;&#x432;&#x43C;&#x43E;&#x43D;&#x438;&#x44F;</subfield>
    <subfield code="f">&#x412;.&#x41B;. &#x411;&#x435;&#x43B;&#x44F;&#x43D;&#x438;&#x43D;, &#x413;.&#x412;. &#x412;&#x43E;&#x43B;&#x43A;&#x43E;&#x432;&#x430;, &#x413;.&#x421;. &#x421;&#x442;&#x435;&#x43F;&#x430;&#x43D;&#x43E;&#x432;&#x430;, &#x413;.&#x411;. &#x41A;&#x43E;&#x432;&#x430;&#x43B;&#x44C;&#x441;&#x43A;&#x438;&#x439;</subfield>
  </datafield>
  <datafield tag="210" ind1=" " ind2=" ">
    <subfield code="d">2005</subfield>
    <subfield code="a">&#x411;. &#x43C;.</subfield>
  </datafield>
  <datafield tag="461" ind1=" " ind2="0">
    <subfield code="1">001RU\NLR\Per\504165</subfield>
    <subfield code="1">2001#$a&#x411;&#x438;&#x431;&#x43B;&#x438;&#x43E;&#x442;&#x435;&#x43A;&#x430; &#x43F;&#x430;&#x442;&#x43E;&#x43B;&#x43E;&#x433;&#x43E;&#x430;&#x43D;&#x430;&#x442;&#x43E;&#x43C;&#x430;$e&#x43D;&#x430;&#x443;&#x447;&#x43D;&#x43E;-&#x43F;&#x440;&#x430;&#x43A;&#x442;&#x438;&#x447;&#x435;&#x441;&#x43A;&#x438;&#x439; &#x436;&#x443;&#x440;&#x43D;&#x430;&#x43B;$f&#x420;&#x43E;&#x441;. &#x43E;-&#x432;&#x43E; &#x43F;&#x430;&#x442;&#x43E;&#x43B;&#x43E;&#x433;&#x43E;&#x430;&#x43D;&#x430;&#x442;&#x43E;&#x43C;&#x43E;&#x432;, &#x421;.-&#x41F;&#x435;&#x442;&#x435;&#x440;&#x431;. &#x433;&#x43E;&#x440;. &#x43F;&#x430;&#x442;&#x43E;&#x43B;&#x43E;&#x433;&#x43E;&#x430;&#x43D;&#x430;&#x442;&#x43E;&#x43C;. &#x431;&#x44E;&#x440;&#x43E;$v&#x412;&#x44B;&#x43F;. 64</subfield>
    <subfield code="9">4214865</subfield>
    <subfield code="c">&#x421;&#x430;&#x43D;&#x43A;&#x442;-&#x41F;&#x435;&#x442;&#x435;&#x440;&#x431;&#x443;&#x440;&#x433;</subfield>
    <subfield code="d">2005 -</subfield>
    <subfield code="f">&#x420;&#x43E;&#x441;. &#x43E;-&#x432;&#x43E; &#x43F;&#x430;&#x442;&#x43E;&#x43B;&#x43E;&#x433;&#x43E;&#x430;&#x43D;&#x430;&#x442;&#x43E;&#x43C;&#x43E;&#x432;, &#x421;.-&#x41F;&#x435;&#x442;&#x435;&#x440;&#x431;. &#x433;&#x43E;&#x440;. &#x43F;&#x430;&#x442;&#x43E;&#x43B;&#x43E;&#x433;&#x43E;&#x430;&#x43D;&#x430;&#x442;&#x43E;&#x43C;. &#x431;&#x44E;&#x440;&#x43E;</subfield>
    <subfield code="n">&#x413;&#x41F;&#x410;&#x411;</subfield>
    <subfield code="o">&#x43D;&#x430;&#x443;&#x447;&#x43D;&#x43E;-&#x43F;&#x440;&#x430;&#x43A;&#x442;&#x438;&#x447;&#x435;&#x441;&#x43A;&#x438;&#x439; &#x436;&#x443;&#x440;&#x43D;&#x430;&#x43B;</subfield>
    <subfield code="t">&#x411;&#x438;&#x431;&#x43B;&#x438;&#x43E;&#x442;&#x435;&#x43A;&#x430; &#x43F;&#x430;&#x442;&#x43E;&#x43B;&#x43E;&#x433;&#x43E;&#x430;&#x43D;&#x430;&#x442;&#x43E;&#x43C;&#x430;</subfield>
    <subfield code="v">&#x412;&#x44B;&#x43F;. 64</subfield>
  </datafield>
  <datafield tag="701" ind1=" " ind2="1">
    <subfield code="a">&#x411;&#x435;&#x43B;&#x44F;&#x43D;&#x438;&#x43D;</subfield>
    <subfield code="b">&#x412;. &#x41B;.</subfield>
  </datafield>
  <datafield tag="701" ind1=" " ind2="1">
    <subfield code="8">rus</subfield>
    <subfield code="7">ca</subfield>
    <subfield code="a">&#x412;&#x43E;&#x43B;&#x43A;&#x43E;&#x432;&#x430;</subfield>
    <subfield code="b">&#x413;. &#x412;.</subfield>
    <subfield code="c">&#x432;&#x440;&#x430;&#x447;-&#x44D;&#x43F;&#x438;&#x434;&#x435;&#x43C;&#x438;&#x43E;&#x43B;&#x43E;&#x433;</subfield>
    <subfield code="g">&#x413;&#x430;&#x43B;&#x438;&#x43D;&#x430; &#x412;&#x43B;&#x430;&#x434;&#x438;&#x43C;&#x438;&#x440;&#x43E;&#x432;&#x43D;&#x430;</subfield>
    <subfield code="3">RU\NLR\AUTH\7799966</subfield>
    <subfield code="9">82892</subfield>
  </datafield>
  <datafield tag="701" ind1=" " ind2="1">
    <subfield code="7">ca</subfield>
    <subfield code="8">rus</subfield>
    <subfield code="a">&#x421;&#x442;&#x435;&#x43F;&#x430;&#x43D;&#x43E;&#x432;&#x430;</subfield>
    <subfield code="b">&#x413;. &#x421;.</subfield>
    <subfield code="c">&#x432;&#x440;&#x430;&#x447;-&#x44D;&#x43F;&#x438;&#x434;&#x435;&#x43C;&#x438;&#x43E;&#x43B;&#x43E;&#x433;</subfield>
    <subfield code="9">259749</subfield>
    <subfield code="3">RU\NLR\AUTH\770259805</subfield>
  </datafield>
  <datafield tag="701" ind1=" " ind2="1">
    <subfield code="a">&#x41A;&#x43E;&#x432;&#x430;&#x43B;&#x44C;&#x441;&#x43A;&#x438;&#x439;</subfield>
    <subfield code="b">&#x413;. &#x411;.</subfield>
  </datafield>
  <datafield tag="852" ind1=" " ind2=" ">
    <subfield code="a">NLR</subfield>
    <subfield code="j">&#x41F;16/1904</subfield>
  </datafield>
  <datafield tag="942" ind1=" " ind2=" ">
    <subfield code="c">ISSUE</subfield>
  </datafield>
  <datafield tag="980" ind1=" " ind2=" ">
    <subfield code="a">NB</subfield>
  </datafield>
  <datafield tag="980" ind1=" " ind2=" ">
    <subfield code="a">RUSPER</subfield>
  </datafield>
</record>
